|
|
|
|
| LEADER |
00000naa2a2200000 4500 |
| 001 |
395132 |
| 005 |
20231101064558.0 |
| 035 |
|
|
|a (RuTPU)RU\TPU\prd\32288
|
| 090 |
|
|
|a 395132
|
| 100 |
|
|
|a 20050201a2004 k y0rusy50 ca
|
| 101 |
0 |
|
|a rus
|
| 102 |
|
|
|a RU
|
| 200 |
1 |
|
|a Компания СладКо внедряет систему на базе технологии Microsoft
|
| 225 |
1 |
|
|a Новости системостроения
|
| 461 |
|
1 |
|0 (RuTPU)RU\TPU\prd\2287
|t Промышленные АСУ и контроллеры
|o ежемесячный научно-технический производственный журнал
|d 2002-
|
| 463 |
|
1 |
|0 (RuTPU)RU\TPU\prd\26971
|t № 6
|v С. 21
|d 2004
|
| 610 |
1 |
|
|a СладКо
|
| 610 |
1 |
|
|a компании
|
| 610 |
1 |
|
|a информационные системы
|
| 610 |
1 |
|
|a технологии Microsoft
|
| 610 |
1 |
|
|a программные продукты
|
| 801 |
|
1 |
|a RU
|b 63413507
|c 20050201
|g PSBO
|
| 942 |
|
|
|c BK
|